| 000 | 00624nam a22001937a 4500 | ||
|---|---|---|---|
| 999 |
_c6830 _d6830 |
||
| 003 | AR-CdUCM | ||
| 008 | 190319b ||||| |||| 00| 0 spa d | ||
| 040 |
_aMUNICIPALIDAD PROVINCIAL DEL CUSCO _cBIBLIOTECA MUNICIPAL DEL CUSCO |
||
| 082 |
_a869.964 / _bA62 |
||
| 245 | _aAntología del cuento cubano / | ||
| 260 |
_aLima : _bParadiso, _c1968. |
||
| 300 |
_a213 páginas ; _c17.5 cm. |
||
| 500 | _aDonación familia Nieto. Primer Festival del Disco-Libro Cubano. | ||
| 650 |
_aCuentos cubanos _911532 |
||
| 650 |
_aSiglo XX _98 |
||
| 700 |
_aOviedo, José Miguel (selección) _919249 |
||
| 942 |
_2ddc _cLIBROS |
||
| 945 | _aafb | ||